00737nam a22001817a 4500999001700000003000900017008004100026040007100067082002100138100002900159245003300188260002800221300002400249505015900273942001500432945000800447952010000455 c14964d14964AR-CdUCM190425b ||||| |||| 00| 0 spa d aMUNICIPALIDAD PROVINCIAL DEL CUSCOcBIBLIOTECA MUNICIPAL DEL CUSCO aC / 340.4 /bG25 aGarrafa Barreros, Nelson aReforma del servicio civil / aCuzco :bUNSAAC,c1967. a115 hojas ;c28 cm. aReseña histórica del servicio civil -- Reforma de la administración publica -- La reforma del servicio civil -- Ley orgánica del servicio civil... 2ddccTESIS awfj 002ddc4070aSCAbSCAcCARTd2019-04-25g30.00oC / 340.4 / G25pSCA0003356r2019-04-25yTESIS